| 000 | 00420nam a2200193Ia 4500 | ||
|---|---|---|---|
| 005 | 20240823035235.0 | ||
| 008 | 240823s9999||||xx |||||||||||||| ||und|| | ||
| 020 | _a978-0-340-99664-5 | ||
| 041 | _aENGLISH | ||
| 082 | _A813.54 P9 | ||
| 100 | _aSmith L J | ||
| 245 | 0 | _aNight World | |
| 250 | _a1st | ||
| 260 |
_c2009 _bHhachette |
||
| 500 | _aYES | ||
| 650 |
_aNovel _bEnglish |
||
| 942 | _cBK | ||
| 999 |
_c200213 _d200213 |
||